000 01022na a2200289 4500
999 _c5525
_d5525
001 21364
003 MIRAKIL
005 20210226121119.0
008 170204b tu 000 0
040 _aMilas
_btur
_cTR-AnCHP
041 _atur
082 _aCHP 352
_bC36y 2009
090 _aBROŞÜR 293
110 _aCumhuriyet Halk Partisi (CHP)
245 _aYerel yönetimler için temel bilgiler
_b"tanımlar, organlar, gelirler, görev ve sorumluluklar"
_cCHP
260 _aAnkara
_bCHP
_cNisan 2009
300 _a72 s.
_c20 sm.
440 _aCumhuriyet Halk Partisi yayınları
_pEl kitapları
610 _aCumhuriyet Halk Partisi (CHP)
_xYerel yönetimler
_yEl kitapları
610 _aCumhuriyet Halk Partisi (CHP)
_xBelediye meclis üyeleri
_yEl kitapları, vb.
650 _aBelediyeler
_xHukuk ve mevzuat
_yEl kitapları, vb.
650 _aYerel yönetimler
_xHukuk ve mevzuat
_yEl kitapları, vb.
830 _aCHP yayınları
942 _2ddc
_cBKS
999 _d5525